| LEADER |
00641nam0a2200181 450 |
| 001 |
16832246 |
| 010 |
|
|
|a 978-2-226-43941-3
|b br.
|d 22,9
|
| 100 |
|
|
|a 20190419d2026 u u0frey01 ba
|
| 101 |
0 |
|
|a fre
|
| 102 |
|
|
|a FR
|
| 200 |
0 |
|
|a dernière chasse (La)
|e roman
|f Jean-Christophe Grangé
|
| 207 |
|
1 |
|a
|
| 210 |
|
|
|a Paris
|b 22 Rue Huyghens.
|c Albin Michel
|d DL 2019
|
| 215 |
|
|
|a 1 vol. (397 p.)
|c ouv. ill. en coul.
|d 23 cm
|
| 700 |
|
0 |
|a Grangé
|b Jean-Christophe
|c Auteur du texte
|f 1961-....
|4 70
|
| 900 |
|
|
|a Roman Policier
|
| 901 |
|
|
|a Accessible au prêt
|
| 995 |
|
|
|a Bibliothèque
|c Bibliothèque
|f 024019806
|h 024019806
|k RP GRA
|o p
|q a
|r az
|e Bibliothèque
|